<?xml version="1.0" encoding="UTF-8"?>
<marc:record xmlns:marc="http://www.loc.gov/MARC21/slim">
   <marc:leader>00000nam a2200000 a 4500</marc:leader>
   <marc:datafield ind1="1" ind2=" " tag="100">
      <marc:subfield code="a">Mihelic, Ursula</marc:subfield>
      <marc:subfield code="4">aut</marc:subfield>
      <marc:subfield code="e">Verfasser/-in</marc:subfield>
   </marc:datafield>
   <marc:datafield ind1="0" ind2="0" tag="245">
      <marc:subfield code="a">Ich wollte nur Deine Stimme hören ...</marc:subfield>
   </marc:datafield>
   <marc:datafield ind1="0" ind2="0" tag="245">
      <marc:subfield code="c">Ursula Mihelic</marc:subfield>
   </marc:datafield>
   <marc:datafield ind1=" " ind2="1" tag="264">
      <marc:subfield code="a">Klagenfurt</marc:subfield>
      <marc:subfield code="b">Drava</marc:subfield>
      <marc:subfield code="c">2025</marc:subfield>
   </marc:datafield>
   <marc:datafield ind1="1" ind2=" " tag="520">
      <marc:subfield code="a">Edith, die zu Fuß von Wien nach Tirol will, um aus dem Ehebett ihres Stiefvaters zu entkommen. Hilde, die es geschafft hat, an betrunkenen Soldaten vorbei von Rijeka nach Italien zu gelangen. Oder Käte aus Darmstadt, die in Graz ihre zweite Geige gegen ein paar Skier für ihren Mann umgetauscht hat. Und der Krieg ist immer präsent in der Erinnerung. Sieben literarische Portraits, sieben Texte, entstanden aus Gesprächen mit sieben Frauen. Alle geboren vor 1940, alle zugleich seltsam und fesselnd in ihrem Ausdruck, in ihrer Lebenshaltung und Herkunft.</marc:subfield>
   </marc:datafield>
   <marc:datafield ind1=" " ind2=" " tag="020">
      <marc:subfield code="a">9783991381181</marc:subfield>
      <marc:subfield code="9">9783991381181</marc:subfield>
   </marc:datafield>
   <marc:datafield ind1=" " ind2=" " tag="041">
      <marc:subfield code="a">ger</marc:subfield>
   </marc:datafield>
   <marc:datafield ind1=" " ind2=" " tag="300">
      <marc:subfield code="a">200 Seiten</marc:subfield>
   </marc:datafield>
</marc:record>
